OPAC Home

CATALOGUE OF THE NOCTUIDAE IN THE COLLECTION OF THE BRITISH MUSUEM (Record no. 234105)

MARC details
000 -LEADER
fixed length control field 00503nam a22001937a 4500
003 - CONTROL NUMBER IDENTIFIER
control field LK-CoDNM
005 - DATE AND TIME OF LATEST TRANSACTION
control field 20241224122815.0
008 - FIXED-LENGTH DATA ELEMENTS--GENERAL INFORMATION
fixed length control field 241223b |||||||| |||| 00| 0 eng d
040 ## - CATALOGING SOURCE
Original cataloging agency LK-CoDNM
Modifying agency LK-CoDNM
Description conventions LK-CoDNM
041 ## - LANGUAGE CODE
Language code of text/sound track or separate title English
080 ## - UNIVERSAL DECIMAL CLASSIFICATION NUMBER
Universal Decimal Classification number 3
Item number G16
942 ## - ADDED ENTRY ELEMENTS (KOHA)
Koha item type Books
100 ## - MAIN ENTRY--PERSONAL NAME
Personal name HAMPSON,GEORGE
245 ## - TITLE STATEMENT
Title CATALOGUE OF THE NOCTUIDAE IN THE COLLECTION OF THE BRITISH MUSUEM
260 ## - PUBLICATION, DISTRIBUTION, ETC. (IMPRINT)
Place of publication, distribution, etc. LONDON
Date of publication, distribution, etc. 1898-1901
300 ## - PHYSICAL DESCRIPTION
Extent 591 ill ; 26 cm
490 ## - SERIES STATEMENT
Volume/sequential designation VOL L - III
650 ## - SUBJECT ADDED ENTRY--TOPICAL TERM
Topical term or geographic name as entry element science
Holdings
Withdrawn status Lost status Damaged status Not for loan Collection code Permanent Location Current Location Shelving location Date acquired Full call number Barcode Koha item type
    Damaged   Science Library National Museum Colombo - Sri Lanka Library National Museum Colombo - Sri Lanka Reference 2024-12-24 3 G16 OS483 Books
Copyright © 2023 Department of National Museum, Colombo 07, Sri Lanka Funded by UNESCO IFAP UNESCO